| 000 | 00469nam a22001817a 4500 | ||
|---|---|---|---|
| 003 | 33557 | ||
| 005 | 20250223161152.0 | ||
| 008 | 240721b |||||||| |||| 00| 0 eng d | ||
| 028 | _bKogan Page | ||
| 040 | _cDDC | ||
| 050 | _a658.312 ARM | ||
| 082 | _24th | ||
| 245 | _aArmstrong's Handbook of Performance Management by Armstrong, Michael | ||
| 260 |
_aNew Delhi _bKogan Page _c2010 |
||
| 300 | _g22 CM | ||
| 700 | _dArmstrong | ||
| 942 |
_2ddc _cBK _e4th _hddc _n0 |
||
| 999 |
_c41510 _d41510 |
||